Top Goalscorer From the Netherlands in Different Football Competitions - Statistics

General Stats
  • This quiz has been taken 59 times
  • The average score is 12 of 25
Answer Stats
Competition Goals Years Clubs Answer % Correct
International Football -- Men 50 2005-2017 --- Robin van Persie
100%
English Premier League 144 2004-2015 Arsenal, Manchester United Robin van Persie
100%
German Bundesliga -- Men 99 2009-2019 Bayern Munich Arjen Robben
93%
Serie A -- Men 90 1987-1993 AC Milan Marco van Basten
85%
UEFA EURO's -- Men 6 2004, 2008 --- Ruud van Nistelrooy
85%
UEFA Champions League -- Men 56 1998-2010 Manchester United, Real Madrid, PSV Eindhoven Ruud van Nistelrooy
85%
Europa League 30 2004-2020 Ajax Amsterdam, Schalke 04, Heerenveen Klaas-Jan Huntelaar
80%
UEFA EURO's -- Men 6 1996, 2000 --- Patrick Kluivert
57%
Portuguese Primeira Liga 76 2016-2019 Sporting Lisbon Bas Dost
54%
Spanish La Liga -- Men 100 1997-2003 Deportivo La Coruna, Tenerife Roy Makaay
50%
International Football -- Women 96 2013- --- Vivianne Miedema
50%
UEFA EURO's -- Women 4 2017, 2022 --- Vivianne Miedema
50%
UEFA Champions League -- Women 22 2015- Manchester City, Arsenal, Bayern Munich Vivianne Miedema
50%
English Women's Super League 77 2017- Manchester City, Arsenal Vivianne Miedema
50%
Frauen-Bundesliga 35 2014-2017 Bayern Munich Vivianne Miedema
50%
Spanish Liga F -- Women 54 2017-2022 Barcelona Lieke Martens
41%
Turkish Super Lig 51 2013-2022 Beşiktaş, Galatasaray, Kasimpasa Ryan Babel
35%
World Cup Finals -- Men 7 1974, 1978 --- Johnny Rep
33%
Belgian Jupiler Pro League 163 1969-1980 Anderlecht, Club Brugge Rob Rensenbrink
20%
Eredivisie 311 1964-1982 PSV Eindhoven, MVV Maastricht Willy van der Kuijlen
19%
Scottish Premier League 44 1995-1997 Celtic Pierre van Hooijdonk
13%
World Cup Finals -- Women 5 2019, 2023 --- Jill Roord
9%
French Première Ligue -- Women 19 2020-2022 Girondins Bordeaux Katja Snoeijs
4%
French Ligue 1 -- Men 96 1949-1954 Stade Reims Bram Appel
2%
Major League Soccer 21 2017-2022 San Jose Earthquakes, Austin FC Danny Hoesen
2%
No matching quizzes found
Score Distribution
Percent of People with Each Score
Percentile by Number Answered
Your Score History
You have not taken this quiz